MARC

LEADER 00000nam0a2200000 4500
001 365970
005 20231102011833.0
035 |a (RuTPU)RU\TPU\retro\23333 
090 |a 365970 
100 |a 20220126d1960 m y0rusy50 ca 
101 0 |a rus 
102 |a RU 
105 |a a z 000zy 
200 1 |a Иван Александрович Фомичев художник-миниатюрист Мстёры  |f Б. И. Коромыслов  |g Научно-исследовательский институт художественной промышленности 
210 |a Москва  |c Госместпромиздат  |d 1960 
215 |a 22, [19] с.  |c ил. 
225 1 |a Мастера художественных промыслов 
600 1 |a Фомичев  |b И. А.  |c художник-живописец и миниатюрист  |c Член Союза художников СССР  |f 1890-1972  |g Иван Александрович  |2 stltpush  |3 (RuTPU)RU\TPU\pers\47535  |9 23049 
606 1 |a Живописцы  |2 stltpush  |3 (RuTPU)RU\TPU\subj\10834  |9 37852 
606 1 |a Художественные промыслы  |2 stltpush  |3 (RuTPU)RU\TPU\subj\17686  |9 43260 
610 1 |a миниатюры 
610 1 |a лаковая живопись 
610 1 |a лаковые миниатюры 
610 1 |a шкатулки 
675 |a 75.071(092)  |v 4 
675 |a 745(092)  |v 4 
700 1 |a Коромыслов  |b Б. И.  |g Борис Иванович 
712 0 2 |a Научно-исследовательский институт художественной промышленности  |c (Москва)  |c (1932-1998)  |2 stltpush  |3 (RuTPU)RU\TPU\col\18895  |9 27244 
801 1 |a RU  |b 63413507  |c 20220126 
801 2 |a RU  |b 63413507  |c 20230313  |g RCR 
942 |c BK